Berühmte Vornamen #3 - Statistiken

Allgemein
  • Dieses Quiz wurde 639 mal gespielt
  • Das Durchschnittsergebnis liegt bei 13 aus 18
Antwortstatistiken
Forname Nachnamen % Korrekt
Justin Trudeau, Bieber, Timberlake
98%
David Beckham, Bowie, Hasselhoff
96%
Johann S.Bach, von Goethe, Strauss
93%
Kim Jong-il, Kardashian, Dotcom
89%
Frank Gehry, Sinatra, Zappa
87%
Barbara Schett, Meier, Schöneberger, Rittner
83%
Sophia Loren, Thomalla, Wollersheim
83%
Matthias Schweighöfer, Sammer, Grünewald, Ginter
81%
Sandra Hüller, Bullock, Maischberger, Nasić
81%
Klaus Kinski, Allofs, Schulze, Wowereit
80%
Anne Frank, Boleyn, Hathaway
76%
Max Ernst, Zorn, Pechstein, Planck
75%
Sigmund Freud, Jähn, Hahn, Feyerabend
75%
Julian Assange, Draxler, Lennon
74%
Walter Gropius, Rathenau, Scheel, Röhrl
62%
Petra Pau, Schmidt-Schaller, Gerster, Röder
34%
Susanne Lothar, Bormann, Klatten, Uhlen
34%
Gertrud Arndt, Höhler, von le Fort, Kückelmann
8%
Keine übereinstimmenden Quizze gefunden
Verteilung der Resultate
Anzahl Personen mit jedem Resultat
Perzentil nach korrekt beantworteten Fragen
Ihre Resultats-Entwicklung
Sie haben dieses Quiz noch nicht gespielt